000 00219nam a22000857a 4500
008 160921b xxu||||| |||| 00| 0 eng d
100 _9685
_aGupta.S
245 _aMathematics-IX
260 _aNew Delhi
_bSumeet publications
_c2007
999 _c3342
_d3342